Quizzes
Events
Quiz Creation
Community
Videos
Private Events
Remove Ads
Sign In
Join for FREE
Feedback
Dark Mode
Quiz Categories
Sports
Geography
Music
Movies
Television
Just For Fun
Miscellaneous
History
Literature
Language
Science
Gaming
Entertainment
Religion
Holiday
For Kids
Quiz Lab
Recent
Popular Today
Quiz Kudos Today
Editor Picks
Curator Picks
Quizzes by...
Day
Popularity
Type
Ratings
Length
Year
Community
Subscriptions
Recent Discussions
Orange Saloon
Badges
Playlists
Quests
Create
Leaderboards
Showdown
Live 5
Trivia Bingo
Activity
Puzzle Library
Sporcle Events
Private Events
Virtual Trivia
Globe League
Become a Host
Pub Owners
SporcleCon
Opinionation
Our Games
Videos
Blog
Mobile Apps
Partnerships
Remove Ads and Go Orange
Feedback
History
US Presidents
World Leaders
Politics
Nation
Discovery
War
Decade
Year
Century
Biography
Art
History
US Presidents
World Leaders
Politics
Nation
Discovery
War
Decade
Year
Century
Biography
Art
Random Quiz
Search Sporcle
×
Quiz Lab
Quiz Lab
History
United States
Type in answers that appear in a list
Type in answers that appear in a list
Classic
Best Score? Go Orange.
Greatest Nationals Stats
Can you name the Greatest Nationals as voted on TV?
By
zeppelinoid
15m
100 Questions
602 Plays
602 Plays
602 Plays
Comments
Comments
Give Quiz Kudos
Give Quiz Kudos
-
- Ratings
hide this ad
More Info
Replay
Link that replays current quiz
Next Quiz
Link to next quiz in quiz playlist
You Got
0%
They Got
Avg Score
23%
Avg Friend Score
Upgrade to see
Score Distribution
Jump to the score distribution portion of the page
Score
0/100
Timer
15:00
0
Plays Today
Country
Name
% Correct
France
Charles de Gaulle
70.9%
Germany
Martin Luther
64.3%
United States
George Washington
58%
United Kingdom
Sir Winston Churchill
57.8%
Greece
Plato
55.5%
Russia
Vladimir Lenin
54.8%
Russia
Joseph Stalin
53.5%
United States
Abraham Lincoln
52.7%
United Kingdom
Queen Elizabeth I
52.5%
Greece
Socrates
50.7%
Greece
Alexander the Great
50.2%
Netherlands
Anne Frank
50.2%
France
Marie Skłodowska Curie
47.8%
Italy
Leonardo da Vinci
45.7%
Greece
Aristotle
45.2%
United States
Franklin D. Roosevelt
44.7%
Germany
Johann Sebastian Bach
44.4%
United Kingdom
Charles Darwin
42.7%
International
Nelson Mandela
41.5%
United Kingdom
William Shakespeare
40.9%
Russia
Peter I (Peter the Great)
39%
Germany
Albert Einstein
38.4%
United States
Benjamin Franklin
38.2%
United States
Elvis Presley
36.9%
Germany
Karl Marx
36.5%
France
Louis Pasteur
36.4%
United Kingdom
John Lennon
36.2%
Germany
Otto von Bismarck
35.5%
United States
Ronald Reagan
35.5%
Netherlands
Vincent van Gogh
35%
United Kingdom
Sir Isaac Newton
34.1%
Spain
Cristóbal Colón (Christopher Columbus)
32.9%
United States
Martin Luther King Jr.
32.6%
Netherlands
Rembrandt van Rijn
32.4%
Country
Name
% Correct
United Kingdom
Diana, Princess of Wales
30.9%
United States
George W. Bush
30.9%
France
Victor Hugo
30.6%
Germany
Willy Brandt
30.4%
Germany
Konrad Adenauer
29.1%
Germany
Johann Wolfgang von Goethe
29.1%
Spain
Pablo Picasso
27.9%
Italy
Dante Alighieri
27.7%
United States
Bill Clinton
27.6%
United Kingdom
Isambard Kingdom Brunel
26.6%
United Kingdom
Lord Horatio Nelson
25.4%
Germany
Johannes Gutenberg
24.1%
Netherlands
Willem van Oranje
23.9%
Italy
Giuseppe Verdi
23.8%
International
Oda Nobunaga
23.4%
France
Édith Piaf
23.3%
France
Jacques-Yves Cousteau
22.6%
Spain
Juan Carlos I
22.1%
Netherlands
Johan Cruijff
21.3%
Spain
Miguel de Cervantes
21.3%
France
Molière
20.6%
Italy
Galileo Galilei
20.6%
Russia
Ivan IV (Ivan the Terrible)
20.1%
United States
Oprah Winfrey
17.1%
Russia
Fyodor Dostoyevsky
16.6%
Spain
Prince Felipe de Borbón
15.8%
United Kingdom
Oliver Cromwell
13.1%
Greece
Pericles
13%
Netherlands
Desiderius Erasmus
12.8%
International
Salvador Allende
12.1%
Germany
Sophie and Hans Scholl
10.3%
Italy
Enrico Fermi
10.3%
International
Ernest Rutherford
8.8%
Russia
Aleksandr Pushkin
8.8%
Country
Name
% Correct
Russia
Dmitri Mendeleev
7.8%
France
Coluche
7.6%
Netherlands
Pim Fortuyn
7%
International
Father Damien
7%
France
Abbé Pierre
6.3%
International
Charles IV (Holy Roman Emperor)
6.3%
International
Tommy Douglas
5.5%
Spain
Santa Teresa de Jesús
4.8%
International
António de Oliveira Salazar
4.7%
Netherlands
Antony van Leeuwenhoek
3.8%
France
Bourvil
3.3%
International
Mother Teresa of Calcutta
3.3%
Russia
Alexander Nevsky
3.2%
Italy
Totò
3%
Netherlands
Michiel de Ruyter
2.7%
Italy
Giovanni Falcone and Paolo Borsellino
2.7%
Russia
Alexander Suvorov
2.3%
Netherlands
Willem Drees
2%
Spain
Queen Sofía of Spain
2%
Greece
Eleftherios Venizelos
1.5%
Spain
Felipe González
1.3%
Italy
Luigi Pirandello
1.2%
Spain
Adolfo Suárez
1%
Russia
Pyotr Stolypin
1%
Spain
Santiago Ramón y Cajal
0.8%
Italy
Laura Pausini
0.8%
Greece
Konstantinos Karamanlis
0.7%
International
Howard Walter Florey
0.3%
Greece
Georgios Papanikolaou
0.2%
Greece
Theodoros Kolokotronis
0.2%
Italy
Anna Magnani
0.2%
Greece
Ioannis Kapodistrias
0%
Quiz Playlist
Details
Report
Send in Message
Add To Playlist
More Info:
Top 10 greatest nationals as voted for by TV viewers
Classic:
Type in answers that appear in a list
Quiz Source
Last Updated: Apr 15, 2017
Quiz Scoreboard
CHALLENGE
Sign Up to Join the Scoreboard
Show All
Scores
Hide
Comments
May contain spoilers
Recently Published
Click the 1999 NBA Draft
by nibperrychub
Sports
2m
Alphabetical 'K' Countries by Flag Minefield
by ylime102
Geography
3m
Pick 6: Fruits
by JohnFran
Miscellaneous
15s
More to Explore
Quiz From the Vault
Featured Blog Post
15 Basketball Trivia Facts You Can Be March Mad About
hide this ad
You Might Also Like...
Tags
Country Quiz
United Kingdom Quiz
United States Quiz
Belgium
Citizen
France
Germany
greatest
Italy
national
Vocation
Voted
Today's Top Quizzes in History
Browse History
hide this ad
Today's Top Quizzes in United States
Browse United States
Top Contributed Quizzes in History
1
I Am Born On March 19th
2
Famous Spring Paintings
3
Arab Spring Nations
4
Art in Bloom
5
'NCAA' US History
6
I Am Born On March 18th
7
Mahatma Gandhi, This Is Your Life
8
History by Year: 1980s
9
Nickname Match: World Leaders II
10
Abraham Lincoln, This Is Your Life
Explore More
Trending Topics
Marvel
Disney
Kpop
Harry Potter
NBA
Anime
Crossword
The Office
WWE
NFL
Puzzle
Country
Pokémon
Song
Soccer
hide this ad
More By:
zeppelinoid
Quiz
Plays
Rating
Category
Featured
Created
Countries of the British Empire
399,233
4.57
History
Jan 14, 2011
Countries of the Roman Empire
238,945
4.84
History
Sep 10, 2011
Countries of the Ottoman Empire
221,414
4.76
History
Dec 3, 2010
Countries of the Spanish Empire
200,565
4.67
History
Jan 8, 2011
Countries of the Russian/Soviet Empires
163,770
4.58
History
Jan 22, 2011
Go to Creator's Profile
Score Distribution
Quiz Creator Spotlight
zeppelinoid
Follow
Send a Message
Quizzes Created
-
Created Quiz Play Count
-
More By This Creator
Popular Quizzes Today
1
Countries of Asia Without Outlines Minefield
2
Find the US States - No Outlines Minefield
3
Pick 6: Fruits
4
Alphabetical 'K' Countries by Flag Minefield
5
The Countries of the World
6
Find the US States
7
US States
8
Match the Book to the Film X
More History Quizzes
Begins and Ends Switcheroo: US Presidents
Published
Trending Quizzes
Pick 6: Harry Potter
Pick 6: Mountains
Pick 6: NFL Teams
Pick 6: Flags
Pick 6: Movie Franchises
Recently Updated
NWSL Teams
pecheneg
Women's Final Four Teams by Year
bhenderson79
Presidents Quartet II
eogle
Anything But Clue(do)
eogle
Anything But Oceanian Capitals
eogle
Anything But 7
eogle
Anything But Thing
eogle
Word Ladder: February 29
pecheneg
Song Title Questions
pecheneg
Women's NCAA Tournament #1 Seeds
pecheneg
Trending Topics
Crossword
Anime
Disney
Harry Potter
Kpop
NBA
Marvel
Soccer
NFL
WWE
Puzzle
Pokémon
Country
Song
The Office
Your Account Isn't Verified!
In order to create a playlist on Sporcle, you need to verify the email address you used during registration. Go to your
Sporcle Settings
to finish the process.
Report this User
Report this user for behavior that violates our
Community Guidelines
.
Details:
Send Report
Go to the Sporcle.com Mobile Site →
Comments